| 000 | 01355cam a2200325 a 4500 | ||
|---|---|---|---|
| 999 |
_c26322 _d26322 |
||
| 001 | 1577025 | ||
| 005 | 20170203165539.0 | ||
| 008 | 930113s1993 vauab b 001 0 eng | ||
| 010 | _a 93000164 | ||
| 020 | _a0879350903 | ||
| 040 |
_aDLC _cDLC _dDLC |
||
| 043 |
_ae-uk-en _an-us-va |
||
| 050 | 0 | 0 |
_aNK4085 _b.G75 1993 |
| 100 | 1 |
_aGrigsby, Leslie B. _q(Leslie Brown) |
|
| 245 | 1 | 0 |
_aEnglish slip-decorated earthenware at Williamsburg / _cLeslie B. Grigsby. |
| 260 |
_aWilliamsburg, Va. : _bColonial Williamsburg Foundation, _cc1993. |
||
| 300 |
_a80 p. : _bill. (some col.), map ; _c27 cm. |
||
| 440 | 0 | _aWilliamsburg decorative arts series | |
| 490 | 1 | _aWallace Gallery decorative arts publications | |
| 504 | _aIncludes bibliographical references (p. 78) and index. | ||
| 610 | 2 | 0 |
_aColonial Williamsburg, inc. _bDepartment of Collections. |
| 650 | 0 |
_aSlipware _zEngland. |
|
| 650 | 0 |
_aSlipware _zVirginia _zWilliamsburg. |
|
| 830 | 0 | _aWallace Gallery decorative arts publication. | |
| 942 |
_2lcc _cBOOKS _hNK4085 .G75 1993 |
||